banner koha

Anthelmintic effects of condensed tannins on Trichostrongyllus colubriformis in experimentally infected sheep (Registro n. 224877)

MARC details
000 -LÍDER
campo de controle de tamanho fixo 00893nas a2200289 4500
001 - NÚMERO DE CONTROLE
campo de controle BR2012009574
003 - IDENTIFICADOR DO NÚMERO DE CONTROLE
campo de controle BR-BrBNA
005 - DATA E HORÁRIO DA ÚLTIMA TRANSAÇÃO
campo de controle 20231205121720.0
007 - CAMPO FIXO DE DESCRIÇÃO FÍSICA--INFORMAÇÃO GERAL
campo de controle de tamanho fixo ta
008 - CAMPO DE DADOS FIXOS--INFORMAÇÃO GERAL
campo de controle de tamanho fixo 230509b bl.|||p| |||| 00| 00por d
040 ## - FONTE DA CATALOGAÇÃO
Instituição da catalogação original BR-BrBNA
Idioma da catalogação por
Instituição que transcreveu o registro Biblioteca Nacional de Agricultura
041 ## - CÓDIGO DE IDIOMA
Código do idioma do texto/trilha sonora ou título diferente (En)
072 ## - CÓDIGO DE CATEGORIA DE ASSUNTO
Código de Categoria de Assunto L72
100 1# - ENTRADA PRINCIPAL--NOME PESSOAL
Nome pessoal Minho, A.P.
100 1# - ENTRADA PRINCIPAL--NOME PESSOAL
Nome pessoal Gennari, S.M.
100 1# - ENTRADA PRINCIPAL--NOME PESSOAL
Nome pessoal Amarante, A.F.T. de
100 1# - ENTRADA PRINCIPAL--NOME PESSOAL
Nome pessoal Abdalla, A.L.
245 1# - TÍTULO
Título Anthelmintic effects of condensed tannins on Trichostrongyllus colubriformis in experimentally infected sheep
650 ## - ASSUNTO--TERMO TÓPICO
Cabeçalho tópico ou nome geográfico OVINO
650 ## - ASSUNTO--TERMO TÓPICO
Cabeçalho tópico ou nome geográfico NEMATÓIDE
650 ## - ASSUNTO--TERMO TÓPICO
Cabeçalho tópico ou nome geográfico ANTI-HELMÍNTICO
650 ## - ASSUNTO--TERMO TÓPICO
Cabeçalho tópico ou nome geográfico TANINO
650 ## - ASSUNTO--TERMO TÓPICO
Cabeçalho tópico ou nome geográfico CONTROLE BIOLÓGICO
773 0# - ENTRADA ANALÍTICA
Título Semina. Ciências Agrárias (Brazil)
ISSN - International Standard Serial Number ISSN 1676-546X
Partes relacionadas (Oct-Dec 2010), v. 31(4) p. 1009-1016
Número de controle do registro BR2012009574
909 ## -
-- 202311
-- Lúcia
-- 55
-- Lúcia Elande
942 ## - ELEMENTOS DE ENTRADA ADICIONADOS (KOHA)
Fonte da classificação ou esquema de arquivamento na estante Classificação AGRIS
Ocultar no OPAC Não
Tipo de material Koha Analítica
Exemplares
Situação do descarte Fonte da classificação ou esquema de arquivamento na estante Situação física Não pode ser emprestado Biblioteca de origem Biblioteca atual Localização na estante Enumeração do periódico / cronologia Total de empréstimos Data de último acesso Número do exemplar Tipo de material Koha Fonte de aquisição
  Classificação AGRIS   Consulta local Biblioteca Nacional de Agricultura - Binagri Biblioteca Nacional de Agricultura - Binagri   (Oct-Dec 2010), v. 31(4) p. 1009-1016   29/11/2023 01 Periódicos Portaria Interministerial nº 164/94

BINAGRI

Telefone: (61)3218-2567/2388/3357/2097 - binagri@agro.gov.br

Ministério da Agricultura e Pecuária , Esplanada dos Ministérios, Bloco D, Anexo B, Brasília/DF, CEP: 70.043-900